বাংলাদেশের পররাষ্ট্রনীতিতে ভারত / (Record no. 31639)

MARC details
000 -LEADER
fixed length control field 00990nam a22002297a 4500
003 - CONTROL NUMBER IDENTIFIER
control field BDDh-ASL
005 - DATE AND TIME OF LATEST TRANSACTION
control field 20231015031308.0
008 - FIXED-LENGTH DATA ELEMENTS--GENERAL INFORMATION
fixed length control field 230403s2013 b ||||| |||| 00| 0 b d
040 ## - CATALOGING SOURCE
Transcribing agency BDDh-ASL
041 ## - LANGUAGE CODE
Language code of text/sound track or separate title bengali
082 ## - DEWEY DECIMAL CLASSIFICATION NUMBER
Classification number 327.1
Item number HUB
100 1# - MAIN ENTRY--PERSONAL NAME
Personal name হুদা, মোহাম্মদ নাজমুল
9 (RLIN) 7853
245 10 - TITLE STATEMENT
Title বাংলাদেশের পররাষ্ট্রনীতিতে ভারত /
246 ## - VARYING FORM OF TITLE
Title proper/short title Bangladesher Pororastanitite Bharat.
260 ## - PUBLICATION, DISTRIBUTION, ETC.
Place of publication, distribution, etc. ঢাকা:
Name of publisher, distributor, etc. এ এইচ ডেভেলপমেন্ট পাবলিশিং হাউস,
Date of publication, distribution, etc. ২০১৩।
300 ## - PHYSICAL DESCRIPTION
Extent ২১৬ পৃষ্ঠা:
Dimensions ২২ সে.মি.
504 ## - BIBLIOGRAPHY, ETC. NOTE
Bibliography, etc. note গ্রন্থপঞ্জি সংযুক্ত ।
650 #0 - SUBJECT ADDED ENTRY--TOPICAL TERM
Topical term or geographic name entry element পররাষ্ট্রনীতি, Foreign Policy, Pararāṣṭranīti
9 (RLIN) 7854
651 #0 - SUBJECT ADDED ENTRY--GEOGRAPHIC NAME
Geographic name Bangladesh (বাংলাদেশ)
9 (RLIN) 5458
651 #0 - SUBJECT ADDED ENTRY--GEOGRAPHIC NAME
Geographic name ভারত (India)
9 (RLIN) 4438
942 ## - ADDED ENTRY ELEMENTS (KOHA)
Source of classification or shelving scheme Dewey Decimal Classification
Koha item type Books
Holdings
Withdrawn status Lost status Source of classification or shelving scheme Damaged status Not for loan Collection code Home library Current library Shelving location Date acquired Source of acquisition Total Checkouts Full call number Barcode Date last seen Copy number Price effective from Koha item type Public note
    Dewey Decimal Classification     Non-fiction Asiatic Society Library Asiatic Society Library General Stacks 04/03/2023 Complimentary   327.1 HUB 120351 04/03/2023 C-1 04/03/2023 Books Y-2013

Powered by Koha